000 00305 a2200121 4500
000 nam a22 7a 4500
005 20260206103252.0
020 _a9789348409898
100 _aAjmer Singh Kajal
_91114066
245 _aDalit Sahitya Aur Manavadhikar
260 _bAnanya Prakashan
_c2025
942 _cTEXL
999 _c1678755
_d1678755